000
00282nam a22001337a 4500
003
SGT
020
_a
9788193122044
082
_a
954
_b
J16A
100
_a
AHMAD, TUFAIL
245
_a
JIHADIST: THREAT TO INDIA
260
_b
INFOLIMNER MEDIA
_c
2016
300
_a
346
942
_2
ddc
_c
BK
999
_c
29138
_d
29138